The literary life of Cairo : (Record no. 15158)
[ view plain ]
| 000 -LEADER | |
|---|---|
| fixed length control field | 01067nam a22003255a 4500 |
| 001 - CONTROL NUMBER | |
| control field | 16741055 |
| 003 - CONTROL NUMBER IDENTIFIER | |
| control field | EG-ScBUE |
| 005 - DATE AND TIME OF LATEST TRANSACTION | |
| control field | 20220323151323.0 |
| 008 - FIXED-LENGTH DATA ELEMENTS--GENERAL INFORMATION | |
| fixed length control field | 110419s2011 ua f 000 0 eng d |
| 020 ## - INTERNATIONAL STANDARD BOOK NUMBER | |
| International Standard Book Number | 9774163907 |
| 020 ## - INTERNATIONAL STANDARD BOOK NUMBER | |
| International Standard Book Number | 9789774163906 |
| 035 ## - SYSTEM CONTROL NUMBER | |
| System control number | (DLC)16741698 |
| 035 ## - SYSTEM CONTROL NUMBER | |
| System control number | (DLC)2011381117 |
| 040 ## - CATALOGING SOURCE | |
| Original cataloging agency | DLC |
| Language of cataloging | eng |
| Description conventions | rda |
| Transcribing agency | DLC |
| Modifying agency | EG-ScBUE |
| 082 04 - DEWEY DECIMAL CLASSIFICATION NUMBER | |
| Classification number | 892.709 |
| Item number | LIT |
| Edition number | 22 |
| 245 04 - TITLE STATEMENT | |
| Title | The literary life of Cairo : |
| Remainder of title | one hundred years in the heart of the city / |
| Statement of responsibility, etc | edited and introduced by Samia Mehrez. |
| 264 #1 - PUBLICATION, DISTRIBUTION, ETC. (IMPRINT) | |
| Place of publication, distribution, etc | Cairo ; |
| -- | New York : |
| Name of publisher, distributor, etc | The American University in Cairo Press, |
| Date of publication, distribution, etc | 2011. |
| 300 ## - PHYSICAL DESCRIPTION | |
| Extent | xv, 433 pages ; |
| Dimensions | 24 cm |
| 336 ## - CONTENT TYPE | |
| Source | rdacontent |
| Content type term | text |
| Content type code | txt |
| 337 ## - MEDIA TYPE | |
| Source | rdamedia |
| Media type term | unmediated |
| Media type code | n |
| 338 ## - CARRIER TYPE | |
| Source | rdacarrier |
| Carrier type term | volume |
| Carrier type code | nc |
| 650 ## - SUBJECT ADDED ENTRY--TOPICAL TERM | |
| Source of heading or term | BUEsh |
| 651 #1 - SUBJECT ADDED ENTRY--GEOGRAPHIC NAME | |
| Geographic name | Cairo (Egypt) |
| General subdivision | Social life and customs. |
| Source of heading or term | BUEsh |
| 651 #1 - SUBJECT ADDED ENTRY--GEOGRAPHIC NAME | |
| Geographic name | Cairo (Egypt) |
| General subdivision | In literature. |
| Source of heading or term | BUEsh |
| 653 ## - INDEX TERM--UNCONTROLLED | |
| Arrived date list | April2011 |
| -- | May2011 |
| Resource For college | Arabic Literature |
| 655 ## - INDEX TERM--GENRE/FORM | |
| Form subdivision | Reading book |
| 9 (RLIN) | 34232 |
| 700 1# - ADDED ENTRY--PERSONAL NAME | |
| 9 (RLIN) | 24455 |
| Personal name | Mehrez, Samia, |
| Relator term | editor. |
| 942 ## - ADDED ENTRY ELEMENTS (KOHA) | |
| Source of classification or shelving scheme | Dewey Decimal Classification |
| Koha item type | Book - Borrowing |
| Withdrawn status | Lost status | Source of classification or shelving scheme | Damaged status | Not for loan | Collection code | Home library | Current library | Shelving location | Date acquired | Source of acquisition | Cost, normal purchase price | Serial Enumeration / chronology | Total Checkouts | Total Renewals | Full call number | Barcode | Date last seen | Date checked out | Price effective from | Koha item type |
|---|---|---|---|---|---|---|---|---|---|---|---|---|---|---|---|---|---|---|---|---|
| Dewey Decimal Classification | Diwan | Central Library | Central Library | Second Floor | 20/04/2011 | 180.00 | 124070 | 1 | 3 | 892.709 LIT | 000025089 | 15/07/2025 | 04/12/2017 | 20/04/2011 | Book - Borrowing | |||||
| Dewey Decimal Classification | Baccah | Central Library | Central Library | Second Floor | 30/05/2011 | 180.00 | 12339 | 1 | 3 | 892.709 LIT | 000023801 | 15/07/2025 | 08/02/2012 | 30/05/2011 | Book - Borrowing |